000 01173cam a2200373 i 4500
001 000665
003 DO-SdBNP
005 20180209100038.0
007 000665
008 161108b 1996 sp a ||||| |||| 00| 0 spa d
015 _a
017 _a
_b
020 _a8420444200
035 _a
040 _aBPMSU
_bspa
_cBPMSU
_e
080 _a
100 1 _aTabern, Peter
240 1 _aPirates.
_lEspañol
245 1 0 _aPiratas en la casa de al lado /
_cPeter Tabern ; traducción de Herminia Bevia ; ilustraciones de Korky Paul.
_h
260 _aMadrid :
_bAlfaguara,
_c1996.
_g(3a. reimpresión)
300 _a161 p. :
_bil. ;
_c20 cm.
490 1 _aAlfaguara infantil
500 _aPara niños a partir de los 10 años.
500 _aTercera reimpresión: octubre 1995
500 _aIncluye datos del autor en la solapa de la contracubierta.
500 _aTraducción de: Pirates
521 _aA partir de los 10 años.
700 1 2 _aBevia, Herminia,
_etr.
700 1 2 _aPaul, Korky,
_eil.
830 0 _aAlfaguara infantil
942 _2ddc
_cBK
945 _aInventariado, 2018/MFF
956 _aLOPEREZ
_810
_cBPMSU
_220161108
_300041
999 _c11860
_d11860